000 00252nam a2200097Ia 4500
082 _aEKF DODD
245 0 _aThe Dudgeon is coming
100 _a DODD, Lynley London, 2009
_983829
942 _cBK
008 210817s9999 xx 000 0 und d
999 _c389351
_d389349